Microelectronic circuits (Record no. 1329)

000 -LEADER
fixed length control field 00597nam a22002177a 4500
001 - CONTROL NUMBER
control field 1329
003 - CONTROL NUMBER IDENTIFIER
control field BD-DhUET
008 - FIXED-LENGTH DATA ELEMENTS--GENERAL INFORMATION
fixed length control field 140903b xxu||||| |||| 00| 0 eng d
020 ## - INTERNATIONAL STANDARD BOOK NUMBER
International Standard Book Number 0195680847
040 ## - CATALOGING SOURCE
Transcribing agency 0
Modifying agency BD-DhUET
082 ## - DEWEY DECIMAL CLASSIFICATION NUMBER
Classification number 623.8153
Item number SED/1982
100 ## - MAIN ENTRY--PERSONAL NAME
Personal name Sedra, Adel.S
245 ## - TITLE STATEMENT
Title Microelectronic circuits
Statement of responsibility, etc. by Adel S. Sedra and Kenneth C. Smith
250 ## - EDITION STATEMENT
Edition statement 5th ed.
260 ## - PUBLICATION, DISTRIBUTION, ETC. (IMPRINT)
Place of publication, distribution, etc. New York
Name of publisher, distributor, etc. Oxford University Press
Date of publication, distribution, etc. 1982
300 ## - PHYSICAL DESCRIPTION
Extent xxi, 1283 p.
Other physical details ill.
Dimensions 22 cm.
504 ## - BIBLIOGRAPHY, ETC. NOTE
Bibliography, etc Includes bibliographies
650 #0 - SUBJECT ADDED ENTRY--TOPICAL TERM
Topical term or geographic name as entry element Electronic-Circuits
700 ## - ADDED ENTRY--PERSONAL NAME
Personal name Smith, Kenneth C.
942 ## - ADDED ENTRY ELEMENTS (KOHA)
Koha item type General Book
Holdings
Price effective from Sublocation or collection (holding branch) Koha full call number Damaged status Koha date last borrowed Koha out on loan Copy number Koha renewals Koha issues (times borrowed) Piece designation (barcode) Not for loan Shelving location Koha date last seen Koha item type Location (home branch) Koha normalized classification for sorting Source of classification or shelving scheme Date acquired Withdrawn status Lost status
2014-09-03Central Library, BUET623.8153/SED/2004 2021-12-21 119103871 Circulation section2022-05-22Guide BookCentral Library, BUET623_000000000000000_8153SED200 2014-09-03  
2014-09-03Central Library, BUET623.8153/SED/2004 2026-01-202026-02-03217103866 Circulation section2026-01-20General BookCentral Library, BUET623_815300000000000_SED_2004 2007-05-28  
2014-09-03Central Library, BUET623.8153/SED/2004 2022-11-222022-12-063 13103867 Circulation section2022-11-22Guide BookCentral Library, BUET623_000000000000000_8153SED200 2014-09-03  
2014-09-03Central Library, BUET623.8153/SED/2004 2016-02-272017-02-264 2103868 Circulation section2016-02-27Guide BookCentral Library, BUET623_000000000000000_8153SED200 2014-09-03  
2014-09-03Central Library, BUET623.8153/SED/2004 2024-03-06 5 12103870 Circulation section2024-06-02Guide BookCentral Library, BUET623_000000000000000_8153SED200 2014-09-03  
2014-09-03Central Library, BUET623.8153/SED/2004 2025-08-24 6213103873 Circulation section2025-09-08Guide BookCentral Library, BUET623_000000000000000_8153SED200 2014-09-03  
2014-09-03Central Library, BUET623.8153/SED/2004 2023-06-052023-06-198116103872 Circulation section2023-06-05Guide BookCentral Library, BUET623_000000000000000_8153SED200 2014-09-03  
2014-09-03Central Library, BUET623.8153/SED/2004 2025-09-24 9 18103874 Circulation section2025-10-18Guide BookCentral Library, BUET623_000000000000000_8153SED200 2014-09-03  
2014-10-27Central Library, BUET623.8153/SED/2004 2020-02-102021-02-0910 5101693 Circulation section2020-02-10Guide BookCentral Library, BUET623_000000000000000_8153SED200 2014-10-27  
2014-11-29Central Library, BUET623.8153/SED/1982 2014-12-08 11 1107789 Circulation section2026-03-08General BookCentral Library, BUET623_815300000000000_SED_1982 2014-11-29  
2016-03-27Central Library, BUET623.8153/SED/1982 2025-04-292025-05-1312 10101692 Circulation section2025-04-29General BookCentral Library, BUET623_815300000000000_SED_1982 2016-03-27